000 00820nam a22001817a 4500
999 _c63944
_d63944
005 20260226123456.0
008 260226s1996 enk||||| |||| 00| 0 eng d
020 _a9780801432606x
041 _aeng
080 _a355.02 : 351.865 K-23
100 _aKatzenstein, Peter J.
_926984
245 _aCultural Norms and National Security:
_bPolice and Military in Postwar Japan /
_c Peter J. Katzenstein.
264 _aLondon :
_bCornell University Press,
_c1996.
300 _a310 p.;
_b24 cm.
653 _aკულტურული ნორმები და ეროვნული უსაფრთხოება იაპონიაში
653 _aპოლიცია და სამხედროები ომისშემდგომ იაპონიაში
942 _2udc
_cᲬᲘᲒᲜᲘ